Chocolatine ou pain au chocolat ? - Statistiques

Statistiques générales
  • Ce quiz a été pris 118 fois
  • Le résultat moyen est 7 sur 10
Statistiques - réponses
Hint Réponse % Correct
Paris Pain au chocolat
91%
Bordeaux Chocolatine
81%
Brest Pain au chocolat
80%
Lyon Pain au chocolat
78%
Toulouse Chocolatine
75%
Bayonne Chocolatine
74%
Tours Pain au chocolat
70%
Carcassonne Chocolatine
69%
Marseille Pain au chocolat
65%
La Rochelle Chocolatine
58%
Aucun quiz correspondant
Distribution des résultats
% des personnes avec chaque résultat
Percentile par nombre de réponses
Votre historique - résultats
Vous n’avez pas pris ce quiz